Sports Quiz

Random Sports Quiz

Dallas Cowboys Coaches Quiz Stats

 Plays Quiz not verified by Sporcle

Score 0/7 Timer 02:00
0 Plays Today
Tenure Coach % Correct
1989-93Jimmy Johnson
91.1%
2007-10Wade Phillips
89.8%
1960-88Tom Landry
89.3%
2003-06Bill Parcells
80%
1994-97Barry Switzer
75.1%
2000-02Dave Campo
56%
1998-99Chan Gailey
53.7%

You're not logged in!

Compare scores with friends on all Sporcle quizzes.
OR
Log In

Sporcle TV

Today on Sporcle TV


Watch our educational content, quiz creation guides, and fun videos on Sporcle TV.

Show Comments

Extras

Top Quizzes Today


Score Distribution

Your Account Isn't Verified!

In order to create a playlist on Sporcle, you need to verify the email address you used during registration. Go to your Sporcle Settings to finish the process.

Report this User

Report this user for behavior that violates our Community Guidelines.

Details: